Harry Potter Logic Puzzle #8 - Statistics

General Stats
  • This quiz has been taken 1,876 times
  • The average score is 9 of 15
Answer Stats
Item % Correct
Sectumsempra
98%
Imperio
70%
Crucio
68%
Accio
65%
Lumos
65%
Reparo
65%
Expecto patronum
62%
Alohomora
59%
Stupefy
59%
Expelliarmus
57%
Nox
57%
Obliviate
47%
Bombarda
37%
Incendio
34%
Piertotum Locomotor
31%
No matching quizzes found
Score Distribution
Percent of People with Each Score
Percentile by Number Answered
Your Score History
You have not taken this quiz